|
|
|
|
| LEADER |
00000cam a2200000 a 4500 |
| 001 |
vtls011566421 |
| 003 |
SK-MaSNL |
| 005 |
20260331210834.0 |
| 008 |
251120s2016 xo j f000 0 slo |
| 013 |
|
|
|a 288363
|b xo
|c patent
|d 20160519
|e dátum sprístupnenia patentu
|
| 013 |
|
|
|a 50056-2010
|e číslo prihlášky
|d 20101220
|e dátum podania prihlášky
|d 20120703
|e dátum zverejnenia prihlášky (Vestník ÚPV SR č.: 7/2012)
|
| 015 |
|
|
|a SNBN2016
|
| 040 |
|
|
|a SNK
|b slo
|c SNK
|e AACR2
|
| 041 |
0 |
|
|a slo
|
| 044 |
|
|
|a xo
|c SK
|
| 072 |
|
7 |
|a 675
|x Kožiarsky priemysel
|2 konspekt
|
| 072 |
|
7 |
|a 628
|x Sanitárna technika. Vodárenstvo. Odpadové hospodárstvo. Svetelná technika
|2 konspekt
|
| 080 |
|
|
|a 628.47
|2 2011
|
| 080 |
|
|
|a 675.023/.024
|2 2001
|
| 084 |
|
|
|a C09H 1/04
|2 IPC
|
| 100 |
1 |
|
|a Matyašovský, Ján
|4 org
|9 453459
|
| 245 |
1 |
0 |
|a Spôsob odchrómovania pevných garbiarskych odpadov
|c Ján Matyašovský, Peter Jurkovič, Peter Duchovič ; patent. zást. Peter Kubínyi
|
| 260 |
|
|
|a [Banská Bystrica]
|b Úrad priemyselného vlastníctva SR
|c [2016]
|
| 300 |
|
|
|a 5 s.
|c 30 cm
|
| 650 |
0 |
7 |
|a odpadové hospodárstvo
|2 SNKPH
|9 3603
|
| 650 |
0 |
7 |
|a kožiarsky priemysel
|2 SNKPH
|9 69784
|
| 650 |
0 |
7 |
|a Tannery
|2 SNKPHeng
|9 409974
|
| 650 |
0 |
7 |
|a garbiarstvo
|2 SNKPH
|9 58395
|
| 650 |
0 |
7 |
|a Waste management
|2 SNKPHeng
|9 267224
|
| 655 |
|
7 |
|a patenty
|2 SNKPH
|9 177343
|
| 655 |
|
7 |
|a patent licenses
|2 SNKPHeng
|9 303430
|
| 700 |
1 |
|
|a Jurkovič, Peter
|4 org
|9 9343
|
| 700 |
1 |
|
|a Duchovič, Peter
|4 org
|9 551912
|
| 700 |
1 |
|
|a Kubínyi, Peter
|c (Bc.)
|4 oth
|9 261936
|
| 710 |
2 |
|
|a VIPO (Partizánske, Slovensko)
|4 pth
|9 333191
|
| 852 |
|
|
|a Štátna vedecká knižnica v Banskej Bystrici
|
| 999 |
|
|
|c 846549
|d 848479
|
| 952 |
|
|
|a SNK
|b SNK
|y PREZ
|7 0
|p 17A1199745
|o snkSK 288363
|i snk2016/17907
|8 0
|0 0
|1 0
|4 0
|d 2016-07-27
|l 0
|r 2026-02-24 04:29:21
|w 2026-02-24
|